Digital Image Processing : (Record no. 16489)

MARC details
000 -LEADER
fixed length control field 01343cam a2200301 a 4500
001 - CONTROL NUMBER
control field 15880188
005 - DATE AND TIME OF LATEST TRANSACTION
control field 20100622091823.0
008 - FIXED-LENGTH DATA ELEMENTS--GENERAL INFORMATION
fixed length control field 090825s2010 fluaf b 001 0 eng
020 ## - INTERNATIONAL STANDARD BOOK NUMBER
International Standard Book Number 1420079506 (hardcover : alk. paper)
020 ## - INTERNATIONAL STANDARD BOOK NUMBER
International Standard Book Number 9781420079500 (hardcover : alk. paper)
040 ## - CATALOGING SOURCE
Original cataloging agency DLC
Transcribing agency DLC
Modifying agency UKM
-- C#P
-- BWX
-- YDXCP
-- DLC
082 00 - DEWEY DECIMAL CLASSIFICATION NUMBER
Classification number 621.3670285
Edition number 22
Item number QID
100 1# - MAIN ENTRY--PERSONAL NAME
Personal name Qidwai, Uvais.
9 (RLIN) 29002
245 10 - TITLE STATEMENT
Title Digital Image Processing :
Remainder of title an Algorithmic Approach with MATLAB /
Statement of responsibility, etc Uvais Qidwai and C.H. Chen.
260 ## - PUBLICATION, DISTRIBUTION, ETC. (IMPRINT)
Place of publication, distribution, etc Boca Raton :
Name of publisher, distributor, etc CRC Press,
Date of publication, distribution, etc c2010.
300 ## - PHYSICAL DESCRIPTION
Extent xx, 286 p., [8] p. of plates :
Other physical details ill. (some col.) ;
Dimensions 25 cm.
490 1# - Series Statement
Series statement Chapman & Hall/CRC textbooks in computing
-- 29003
500 ## - GENERAL NOTE
General note "A Chapman & Hall book."
504 ## - BIBLIOGRAPHY, ETC. NOTE
Bibliography, etc Includes bibliographical references and index.
630 00 - SUBJECT ADDED ENTRY--UNIFORM TITLE
Uniform title MATLAB.
9 (RLIN) 29004
650 #0 - SUBJECT ADDED ENTRY--TOPICAL TERM
Topical term or geographic name as entry element Image processing
General subdivision Digital techniques.
9 (RLIN) 29005
653 ## - INDEX TERM--UNCONTROLLED
Resource For college
Arrived date list February2012
700 1# - ADDED ENTRY--PERSONAL NAME
Personal name Chen, C. H.
Fuller form of name (Chi-hau),
Dates associated with a name 1937-
9 (RLIN) 29006
830 #0 - SERIES ADDED ENTRY--UNIFORM TITLE
Uniform title Chapman & Hall/CRC textbooks in computing.
9 (RLIN) 29007
942 ## - ADDED ENTRY ELEMENTS (KOHA)
Source of classification or shelving scheme Dewey Decimal Classification
Item type Book - Borrowing
Holdings
Withdrawn status Item status Source of classification or shelving scheme Damaged status Not for loan Vendor Home library Current library Shelving location Date acquired Source of acquisition Cost, normal purchase price Serial Enumeration / chronology Total Checkouts Total Renewals Full call number Barcode Date last seen Date last borrowed Koha item type
    Dewey Decimal Classification     Alahram Central Library Central Library First floor 19/02/2012   615.00 681 6 27 621.3670285 QID 000026147 15/07/2025 22/05/2018 Book - Borrowing